[Event "Reykjavik Open 2026"]
[Site "Reykjavik"]
[Date "2026.03.28"]
[Round "6.61"]
[White "Helgadottir, Idunn"]
[Black "Wall, Tim P"]
[Result "0-1"]
[WhiteElo "1831"]
[WhiteFideId "2314118"]
[BlackElo "2189"]
[BlackFideId "401641"]
[Variant "Standard"]

{ f6 }
1. d4 Nf6 2. Nf3 e6 3. e3 a6 4. Bd3 b5 5. O-O Bb7 6. Nbd2 c5 7. c3 Nc6 8. e4 Qc7 9. a3 d6 10. Re1 e5 11. d5 Ne7 12. a4 c4 13. Bc2 Rb8 14. Nf1 Nd7 15. Be3 g6 16. Qe2 Bg7 17. N3d2 O-O 18. Rec1 f5 19. f3 Nb6 20. axb5 axb5 21. b3 Ra8 22. Kh1 cxb3 23. Bxb3 Ba6 24. Ra2 Rfc8 25. Rca1 Qb7 26. Qf2 Nd7 27. Bg5 Nc5 28. Bc2 f4 29. Qh4 Kf7 30. Qh3 h6 31. Bh4 g5 32. Bf2 Ke8 33. Nb1 Na4 34. Qe6 Rd8 35. Nfd2 Qc7 36. Qh3 Bc8 37. g4 fxg3 38. Qxg3 Bd7 39. Qg1 Ng6 40. c4 Nf4 41. cxb5 Nh3 42. Qf1 Nxf2+ 43. Qxf2 Nb6 44. Na3 Rdc8 45. Bd3 Qc3 46. Bf1 Rab8 47. Nab1 Qb4 48. Ra6 Qd4 49. Kg1 Rc2 50. Qxd4 exd4 51. Bd3 Rc1+ 52. Kg2 Be5 53. Nb3 Re1 54. N1d2 Re3 55. Nc1 g4 56. R1a2 h5 57. fxg4 Bxg4 58. Nf1 Rh3 59. Be2 Bd7 60. R6a3 Rh4 61. Bd3 Ke7 62. Ng3 Rg4 63. Be2 Rg5 64. h4 Rg7 65. Bxh5 Nc4 66. Rf3 Rh8 67. Kf2 Bxg3+ 68. Rxg3 Rxg3 69. Kxg3 Rxh5 70. Ne2 d3 71. Nf4 Rh6 72. Nxd3 Bxb5 73. Nf4 Ne5 74. Ra7+ Kf6 75. Rb7 Bd7 76. Rb6 Ke7 77. Rb7 Rh8 78. Ne6 Rg8+ 79. Ng5 Nd3 80. Kf3 Nc5 81. Rb2 (81. Rc7 Rf8+ 82. Ke3 Ra8 83. Rb7) 81... Rf8+ 82. Ke3 Ra8 83. Rd2 Ra4 84. Kf4 Kf6 85. Nh7+ Kg7 86. Ng5 Kg6 87. Re2 Nd3+ 88. Kg3 Ne5 89. Re3 Ra1 0-1

[Event "Reykjavik Open 2026"]
[Site "Reykjavik"]
[Date "2026.03.28"]
[Round "6.84"]
[White "Pagan, Jonathan"]
[Black "Ekam, Singh"]
[Result "1-0"]
[WhiteElo "2159"]
[WhiteFideId "30903017"]
[BlackElo "1875"]
[BlackFideId "33334234"]
[Variant "Standard"]

1. e4 (1. d4 Nf6 2. Nf3 c5 3. d5 e6 4. c4 b5 5. e3 exd5 6. cxb5 Bb7 7. Nc3 g6 8. Bd3 Bg7 9. O-O O-O 10. Qc2 d6 11. h3 d4 12. exd4 Bxf3 13. gxf3 cxd4 14. Ne2 Nbd7 15. Bf4 Ne5 16. Bxe5 dxe5 17. Be4 Nxe4 18. Qxe4 f5 19. Qc6 Rc8 20. Qe6+ Kh8 21. Rac1 d3 22. Nc3 d2 23. Rc2 Rxc3 24. Rxc3 d1=Q 25. Rxd1 Qxd1+ 26. Kg2 e4 27. Rc8 exf3+ 28. Kg3 Qg1+ 29. Kxf3 Qg4+) 1... c5 2. Nf3 d6 3. d4 cxd4 4. Nxd4 Nf6 5. Nc3 a6 6. Be2 e5 7. Nb3 Be7 8. Be3 Be6 9. O-O Nc6 10. Nd5 Bxd5 11. exd5 Nb8 12. Qd2 Nbd7 13. Na5 Qc7 14. c4 Ne4 15. Qc2 O-O 16. b4 f5 17. Bd3 Ndf6 18. Kh1 f4 19. Bxe4 fxe3 20. fxe3 Qb6 21. Rab1 Qxe3 22. Bf5 Rab8 23. Rf3 Qd4 24. Rd1 Qb6 25. a3 e4 26. Rff1 g6 27. Be6+ Kg7 28. Qc3 h6 29. Rf4 Kh7 30. Rdf1 Nh5 31. Rf7+ 1-0

[Event "Reykjavik Open 2026"]
[Site "Reykjavik"]
[Date "2026.03.28"]
[Round "6.117"]
[White "Gulyas, Adam Ferenc"]
[Black "Zuiderweg, Edwin"]
[Result "½-½"]
[WhiteElo "1705"]
[WhiteFideId "2330059"]
[BlackElo "1977"]
[BlackFideId "1012207"]
[Variant "Standard"]

1. e4 c5 2. Nf3 Nc6 3. d4 cxd4 4. Nxd4 e5 5. Nb5 d6 6. N1c3 a6 7. Na3 Be7 8. Nc4 b5 9. Ne3 Nf6 10. Bd3 Be6 11. O-O O-O 12. a4 b4 13. Ncd5 a5 14. f4 exf4 15. Rxf4 Ne5 16. b3 Bxd5 17. exd5 Nxd3 18. Qxd3 Nh5 19. Rf3 Bf6 20. Rb1 g6 21. Ng4 Bg7 22. Nh6+ Bxh6 23. Bxh6 Ng7 24. Qd4 f6 25. Rbf1 Rc8 26. Rxf6 Rxf6 27. Rxf6 Qe7 28. Bxg7 Qxg7 29. Qf2 Rxc2 30. Qf4 Rc1+ 31. Kf2 Rc2+ 32. Kf1 Rc1+ 33. Kf2 Rc2+ 34. Kg3 Rc3+ 35. Kg4 Qd7+ 36. Kg5 h6+ 37. Kxg6 Qg7+ 38. Kf5 Qg5+ 39. Ke6 Qxf4 40. Rxf4 Rxb3 41. Kxd6 Rd3 42. Ke6 b3 43. d6 b2 44. Rf1 Rd2 45. d7 Re2+ 46. Kd6 Rd2+ 47. Ke7 Re2+ 48. Kd8 Rxg2 49. Rd1 Rd2 50. Re1 Kf7 51. Kc7 Rc2+ 52. Kb6 Rc1 53. Rxc1 bxc1=Q 54. d8=Q Qg1+ 55. Ka6 Qxh2 56. Qd7+ Kf6 57. Kb6 Qf2+ 58. Kc7 Qa7+ 59. Kd6 Qb8+ 60. Kc5 Qe5+ 61. Qd5 Qc3+ 62. Kd6 Qa3+ 63. Qc5 Qd3+ 64. Qd5 Qg3+ 65. Kc5 Kg7 ½-½

[Event "Reykjavik Open 2026"]
[Site "Reykjavik"]
[Date "2026.03.28"]
[Round "6.135"]
[White "Banta, Robert Lance"]
[Black "Petursson, Gudni"]
[Result "½-½"]
[WhiteElo "1724"]
[WhiteFideId "39908682"]
[BlackElo "2027"]
[BlackFideId "2301725"]
[Variant "Standard"]

1. c4 e6 2. Nc3 d5 3. d4 Nf6 4. Bg5 Be7 5. e3 O-O 6. Nf3 h6 7. Bh4 Ne4 8. Bxe7 Qxe7 9. Nxe4 dxe4 10. Nd2 f5 11. Be2 c5 12. O-O cxd4 13. exd4 Nc6 14. Nb3 a5 15. a4 Rd8 16. Qc2 Nxd4 17. Nxd4 e5 18. Nxf5 Bxf5 19. Qc3 Rd4 20. b3 Rad8 21. Rfc1 b6 22. h3 Qc5 23. Rd1 R8d6 24. Kh2 Rf6 25. Rac1 Bg6 26. Kg1 Kh7 27. Rf1 Rfd6 28. Rfd1 Qb4 29. Kh2 Qc5 30. Kg1 Qc6 31. Kh2 Kg8 32. Qe3 Qc5 33. Qc3 Rf6 34. Kg1 Kf7 35. Rf1 Re6 36. Rfe1 Ke7 37. Kh2 Rd7 ½-½